000 00331nam a22001457a 4500
008 221109b ||||| |||| 00| 0 eng d
020 _a9780321927040
041 _aeng
080 _2TENTH EDITION
_a611
082 _a611 MAR
100 _a10
101 _aANA
245 _aHUMAN ANATOMY&PHYSIOLOGY
_cMARIEB E
942 _2udc
_cBK
999 _c58816
_d58816